00317nam a2200109Ia 4500008004100000082000800041100001800049245002400067942000600091952009500097999001500192240331s9999 xx 000 0 und d bAMB aAmbedkar, P.R 0aParpaniyattin vetti cL 001040708LaWERCLbWERCLcSSCd2024-03-31l0o 305 AMBp3657r2024-03-31w2024-03-31yL c1471d1471